Buyers pause over interest rate chatter (Record no. 117512)
[ view plain ]
| 000 -LEADER | |
|---|---|
| fixed length control field | 00953cam a2200205 4500 |
| 001 - CONTROL NUMBER | |
| control field | WB4023-10 |
| 008 - FIXED-LENGTH DATA ELEMENTS--GENERAL INFORMATION | |
| fixed length control field | 040615n2004 000 0 eng u |
| 035 ## - SYSTEM CONTROL NUMBER | |
| System control number | (Sirsi) u126474 |
| 245 ## - TITLE STATEMENT | |
| Title | Buyers pause over interest rate chatter |
| 260 ## - PUBLICATION, DISTRIBUTION, ETC. | |
| Date of publication, distribution, etc. | 2004 |
| 490 ## - SERIES STATEMENT | |
| Series statement | RICS Press Release |
| Volume/sequential designation | (pr057) 14 June 2004 (3) |
| 520 ## - SUMMARY, ETC. | |
| Summary, etc. | UK house prices have continued to rise but the pace of increase has slowed slightly for the first time in six months, as buyers assess the market in the wake of the upward trend in interest rates, according to the latest "RICS housing market survey Great Britain". Scotland is included in the survey for the first time. Available to view at http://www.rics.org/ricscms/bin/show?class=MarketS urvey&template=/includes/showmarketsurvey.html&id= 92. |
| 590 ## - LOCAL NOTE (RLIN) | |
| Local note | WB |
| 590 ## - LOCAL NOTE (RLIN) | |
| Local note | WB |
| 650 ## - SUBJECT ADDED ENTRY--TOPICAL TERM | |
| Topical term or geographic name entry element | PROPERTY PRICES |
| 650 ## - SUBJECT ADDED ENTRY--TOPICAL TERM | |
| Topical term or geographic name entry element | HOUSING SURVEYS |
| 650 ## - SUBJECT ADDED ENTRY--TOPICAL TERM | |
| Topical term or geographic name entry element | INTEREST RATES |
| 690 ## - LOCAL SUBJECT ADDED ENTRY--TOPICAL TERM (OCLC, RLIN) | |
| Topical term or geographic name as entry element | HOUSING-HOUSE PRICES |
| 942 ## - ADDED ENTRY ELEMENTS (KOHA) | |
| Suppress in OPAC | 0 |
| Withdrawn status | Lost status | Source of classification or shelving scheme | Damaged status | Not for loan | Home library | Current library | Shelving location | Date acquired | Total Checkouts | Full call number | Barcode | Date last seen | Copy number | Price effective from | Koha item type |
|---|---|---|---|---|---|---|---|---|---|---|---|---|---|---|---|
| Dewey Decimal Classification | London | London | News article | 15/06/2004 | WB4023-10 | 126474-1001 | 06/08/2019 | 1 | 06/08/2019 | News article |